ნორმალური ფორმატი
MARC ფორმატი
ჩანაწერი Corporate Name
ჩანაწერთა რაოდენობა, რომელიც გამოყენებულია: 1
001 - CONTROL NUMBER
- control field: 6127
003 - CONTROL NUMBER IDENTIFIER
- control field: GE_BSU
005 - DATE AND TIME OF LATEST TRANSACTION
- control field: 20200115135159.0
008 - FIXED-LENGTH DATA ELEMENTS
- fixed length control field: 200115|| aca||aabn | a|a d
040 ## - CATALOGING SOURCE
- Original cataloging agency: GE_BSU
- Transcribing agency: GE_BSU
110 ## - HEADING--CORPORATE NAME
- Corporate name or jurisdiction name as entry element:
- Relator term: ბათუმის შოთა რუსთაველის სახელმწიფო უნივერსიტეტი ტურიზმის ფაკულტეტი
670 ## - SOURCE DATA FOUND
- Source citation: Work cat.: (GE_BSU)57202: აბესაძე, თეიმურაზ. 6124, სოფლად კერძო საკარმიდამოზე ტურიზმის ბიზნესის ორგანიზება და მართვა :
